000 00348nam a22001577a 4500
999 _c532474
_d532474
003 NUST
005 20191121122743.0
008 191121b ||||| |||| 00| 0 eng d
038 _aMSOHAIL
082 _a0
100 _aA.Singh
_926016
245 _aWater Management
260 _bArise Publisher
_cc2008
300 _ap;336
942 _2ddc
_cBK